Moviemaking Quiz Stats

 Plays Quiz Updated Sep 26, 2016

Challenge
Share
Tweet
Embed
Score 0/20 Timer 04:00
0 Plays Today
Phrase Movie % Correct
Got your hand caught in the cookie ____Jarhead
98.2%
The land of the free and the home of the ____Braveheart
97.9%
Got off on the wrong ____Footloose
94%
Put your ____ where your mouth isMoneyball
90%
Few and ____ betweenFargo
88.7%
____ Mario Bros.Superbad
88.1%
Your wish is my ____Commando
87.5%
Live like there's no ____Tomorrowland
87.3%
____ extinguisherFirewall
87.2%
The ____ is the limitSkyfall
87.1%
Phrase Movie % Correct
Beating a ____ horseDeadpool
85.2%
All that glitters is not ___Goldfinger
83.4%
The Great Wall of ____Chinatown
83.3%
___ goes the weaselPopeye
81.3%
Fantastic Mr ___Foxcatcher
72.4%
Tail wagging the ____Dogma
68.9%
Fools ____ in where angels fear to treadRushmore
53.6%
____ of the MomentHeathers
49.6%
'Out, damned ____! Out, I say!'Spotlight
42%
_____ the weatherUnderworld
22.5%

You're not logged in!

Compare scores with friends on all Sporcle quizzes.
Join for Free
OR
Log In

You Might Also Like...

Show Comments

Extras

Top Quizzes Today


Score Distribution

Your Account Isn't Verified!

In order to create a playlist on Sporcle, you need to verify the email address you used during registration. Go to your Sporcle Settings to finish the process.

Report this User

Report this user for behavior that violates our Community Guidelines.

Details: